[Event "EYCC Open-U14 2019"]
[Site "Bratislava"]
[Date "2019.08.05"]
[Round "4.17"]
[White "Fardet, Elouan"]
[Black "Papadiamandis, Elliot"]
[Result "1-0"]
[WhiteElo "2047"]
[BlackElo "2202"]
[Annotator "NA"]
[PlyCount "119"]
[EventDate "2019.08.02"]
[EventType "swiss"]
[EventCountry "SVK"]
[SourceTitle "playchess.com"]
[Source "ChessBase"]
[SourceQuality "1"]
[TimeControl "40/5400+30:1800+30"]

1. e4 {[%emt 0:00:00]} c5 {[%emt 0:00:00]} 2. Nf3 {[%emt 0:00:00]} d6 {[%emt 0:00:00]} 3. d4 {[%emt 0:00:00]} cxd4 {[%emt 0:00:31]} 4. Nxd4 {[%emt 0:00:00]} Nf6 {[%emt 0:00:23]} 5. Nc3 {[%emt 0:00:00]} a6 {[%emt 0:00:23]} 6. f4 {[%emt 0:00:13]} e5 {[%emt 0:01:11]} 7. Nf5 {[%emt 0:00:06]} Nc6 {[%emt 0:02:12]} 8. Bc4 {[%emt 0:00:37]} g6 {[%emt 0:02:34]} 9. Ng3 {[%emt 0:00:08]} Bg7 {[%emt 0:07:44]} 10. f5 {[%emt 0:02:49]} Qc7 {[%emt 0:05:04]} 11. Bb3 {[%emt 0:05:47]} Ne7 {[%emt 0:12:38]} 12. Bg5 {[%emt 0:07:13]} O-O {[%emt 0:07:04]} 13. O-O {[%emt 0:01:02]} Kh8 {[%emt 0:00:58]} 14. Qd2 {[%emt 0:04:05]} b5 {[%emt 0:19:13]} 15. Bxf6 {[%emt 0:09:33]} Bxf6 {[%emt 0:01:20]} 16. fxg6 {[%emt 0:00:28]} fxg6 {[%emt 0:01:25]} 17. Qh6 {[%emt 0:00:29]} Bg4 {[%emt 0:02:58]} 18. h3 {[%emt 0:01:23]} Bg7 {[%emt 0:04:21]} 19. Qg5 {[%emt 0:00:55]} Bh5 {[%emt 0:07:05]} 20. Nxh5 {[%emt 0:01:12]} gxh5 {[%emt 0:00:32]} 21. Qxh5 {[%emt 0:00:30]} Qc5+ {[%emt 0:03:01]} 22. Kh2 {[%emt 0:01:38]} Ng6 {[%emt 0:02:47]} 23. Nd5 {[%emt 0:02:24]} a5 {[%emt 0:01:25]} 24. c3 {[%emt 0:05:32]} a4 {[%emt 0:02:05]} 25. Bc2 {[%emt 0:00:53]} Rf2 {[%emt 0:01:56]} 26. Bd3 {[%emt 0:08:41]} Raf8 {[%emt 0:05:31]} 27. b3 {[%emt 0:00:58]} Rxf1 {[%emt 0:02:56]} 28. Rxf1 {[%emt 0:00:19]} Rxf1 {[%emt 0:00:54]} 29. Bxf1 {[%emt 0:00:04]} Qa3 {[%emt 0:01:57]} 30. Bxb5 {[%emt 0:04:40]} axb3 {[%emt 0:00:41]} 31. axb3 {[%emt 0:00:06]} Qxb3 {[%emt 0:00:54]} 32. Bd7 {[%emt 0:00:09]} Qb8 {[%emt 0:01:24]} 33. Bf5 {[%emt 0:00:47]} Nf8 {[%emt 0:00:30]} 34. Qf7 {[%emt 0:08:30]} Qb3 {[%emt 0:01:38]} 35. Be6 {[%emt 0:04:06]} Nxe6 {[%emt 0:00:14]} 36. Qxe6 {[%emt 0:00:09]} Qb8 {[%emt 0:00:40]} 37. Ne7 {[%emt 0:00:08]} Qd8 {[%emt 0:01:02]} 38. Nf5 {[%emt 0:01:13]} Bf8 {[%emt 0:00:40]} 39. c4 {[%emt 0:00:34]} Qb8 {[%emt 0:00:22]} 40. h4 {[%emt 0:00:00]} Qd8 {[%emt 0:00:00]} 41. Qf7 {[%emt 0:07:25]} Bh6 {[%emt 0:05:08]} 42. g3 {[%emt 0:01:14]} Bf8 {[%emt 0:01:08]} 43. h5 {[%emt 0:00:24]} Qb8 {[%emt 0:01:22]} 44. h6 {[%emt 0:00:26]} Qd8 {[%emt 0:00:32]} 45. Kh3 {[%emt 0:02:02]} Qc8 {[%emt 0:02:30]} 46. Qf6+ {[%emt 0:02:26]} Kg8 {[%emt 0:00:01]} 47. Kg2 {[%emt 0:02:39]} Qb7 {[%emt 0:02:04]} 48. Kh3 {[%emt 0:07:39]} Qd7 {[%emt 0:02:45]} 49. g4 {[%emt 0:00:17]} Qb7 {[%emt 0:03:18]} 50. g5 {[%emt 0:03:13]} Qa7 {[%emt 0:03:23]} 51. Qe6+ {[%emt 0:14:26]} Kh8 {[%emt 0:00:39]} 52. Ng3 {[%emt 0:02:42]} Qc7 {[%emt 0:05:35]} 53. Qf5 {[%emt 0:00:53]} Kg8 {[%emt 0:02:31]} 54. Nh5 {[%emt 0:01:09]} Qf7 {[%emt 0:01:59]} 55. Kg4 {[%emt 0:00:27]} Qa7 {[%emt 0:00:41]} 56. Nf6+ {[%emt 0:01:58]} Kh8 {[%emt 0:00:33]} 57. Nxh7 {[%emt 0:00:07]} Be7 {[%emt 0:02:25]} 58. Nf6 {[%emt 0:00:23]} Qg1+ {[%emt 0:00:48]} 59. Kh5 {[%emt 0:00:05]} Bxf6 {[%emt 0:00:47]} 60. Qxf6+ {[%emt 0:00:07]} 1-0

[Event "EYCC Open-U14 2019"]
[Site "Bratislava"]
[Date "2019.08.05"]
[Round "4.18"]
[White "Kristoferitsch, Daniel"]
[Black "Tadic, Stefan"]
[Result "1/2-1/2"]
[WhiteElo "2108"]
[BlackElo "2262"]
[Annotator "NA"]
[PlyCount "154"]
[EventDate "2019.08.02"]
[EventType "swiss"]
[EventCountry "SVK"]
[SourceTitle "playchess.com"]
[Source "ChessBase"]
[SourceQuality "1"]
[TimeControl "40/5400+30:1800+30"]

1. e4 {[%emt 0:00:00]} c5 {[%emt 0:00:00]} 2. Nf3 {[%emt 0:00:00]} Nc6 {[%emt 0:00:00]} 3. d4 {[%emt 0:00:00]} cxd4 {[%emt 0:00:00]} 4. Nxd4 {[%emt 0:00:00]} e5 {[%emt 0:00:00]} 5. Nb5 {[%emt 0:01:01]} d6 {[%emt 0:00:00]} 6. N1c3 {[%emt 0:00:13]} a6 {[%emt 0:00:00]} 7. Na3 {[%emt 0:00:07]} Be7 {[%emt 0:00:03]} 8. Nc4 {[%emt 0:04:31]} b5 {[%emt 0:00:07]} 9. Ne3 {[%emt 0:00:25]} Nf6 {[%emt 0:00:13]} 10. f3 {[%emt 0:06:01]} O-O {[%emt 0:02:46]} 11. a4 {[%emt 0:18:11]} bxa4 {[%emt 0:21:18]} 12. Rxa4 {[%emt 0:03:00]} a5 {[%emt 0:00:36]} 13. Bc4 {[%emt 0:05:04]} Nb4 {[%emt 0:05:21]} 14. O-O {[%emt 0:03:53]} Qb6 {[%emt 0:07:06]} 15. Kh1 {[%emt 0:03:38]} Bd7 {[%emt 0:10:03]} 16. Ra1 {[%emt 0:01:00]} Be6 {[%emt 0:09:16]} 17. Ncd5 {[%emt 0:09:35]} Nfxd5 {[%emt 0:02:59]} 18. Bxd5 {[%emt 0:06:55]} Nxd5 {[%emt 0:06:58]} 19. Nxd5 {[%emt 0:00:15]} Bxd5 {[%emt 0:00:56]} 20. Qxd5 {[%emt 0:00:49]} Rfc8 {[%emt 0:04:31]} 21. Qd3 {[%emt 0:06:53]} a4 {[%emt 0:02:28]} 22. c3 {[%emt 0:04:54]} Qb3 {[%emt 0:05:54]} 23. Bd2 {[%emt 0:02:42]} Rd8 {[%emt 0:03:40]} 24. Qd5 {[%emt 0:05:42]} Rdb8 {[%emt 0:03:16]} 25. Qxb3 {[%emt 0:03:40]} Rxb3 {[%emt 0:04:03]} 26. Ra2 {[%emt 0:01:46]} h6 {[%emt 0:04:26]} 27. Kg1 {[%emt 0:03:31]} Bg5 {[%emt 0:01:27]} 28. Bxg5 {[%emt 0:02:32]} hxg5 {[%emt 0:00:01]} 29. Rd1 {[%emt 0:00:49]} Rab8 {[%emt 0:01:23]} 30. Rd2 {[%emt 0:01:41]} Kf8 {[%emt 0:00:11]} 31. Kf2 {[%emt 0:01:32]} Ke7 {[%emt 0:00:01]} 32. Rxa4 {[%emt 0:01:35]} Rxb2 {[%emt 0:00:03]} 33. Ra2 {[%emt 0:00:08]} R2b3 {[%emt 0:01:19]} 34. Rac2 {[%emt 0:00:53]} Rc8 {[%emt 0:00:10]} 35. Rd3 {[%emt 0:00:17]} g6 36. g4 {[%emt 0:00:54]} Ra8 {[%emt 0:00:41]} 37. Ke2 {[%emt 0:01:22]} Raa3 {[%emt 0:00:22]} 38. Kd2 {[%emt 0:00:57]} Rb1 {[%emt 0:00:13]} 39. c4 {[%emt 0:01:18]} Raa1 {[%emt 0:00:10]} 40. Ke3 {[%emt 0:00:00]} Rh1 {[%emt 0:00:00]} 41. Rdd2 {[%emt 0:16:17]} Ra3+ {[%emt 0:06:16]} 42. Rd3 {[%emt 0:00:36]} Raa1 {[%emt 0:01:49]} 43. Rdd2 {[%emt 0:00:10]} Ke6 {[%emt 0:05:31]} 44. c5 {[%emt 0:04:54]} dxc5 {[%emt 0:05:59]} 45. Rxc5 {[%emt 0:00:13]} Ra3+ {[%emt 0:00:13]} 46. Rd3 {[%emt 0:00:06]} Rxd3+ {[%emt 0:03:08]} 47. Kxd3 {[%emt 0:00:01]} Rxh2 {[%emt 0:00:09]} 48. Rc6+ {[%emt 0:01:14]} Kd7 {[%emt 0:00:05]} 49. Ra6 {[%emt 0:01:02]} Rh3 {[%emt 0:00:04]} 50. Ke2 {[%emt 0:01:04]} Rh8 {[%emt 0:00:30]} 51. Ra7+ {[%emt 0:00:25]} Ke6 {[%emt 0:00:05]} 52. Ra6+ {[%emt 0:00:04]} Ke7 {[%emt 0:00:02]} 53. Ra7+ {[%emt 0:00:19]} Kf6 {[%emt 0:00:05]} 54. Ra6+ {[%emt 0:00:07]} Kg7 {[%emt 0:00:03]} 55. Ra5 {[%emt 0:00:51]} Re8 {[%emt 0:00:05]} 56. Ke3 {[%emt 0:00:18]} Re6 {[%emt 0:01:02]} 57. Rb5 {[%emt 0:01:35]} Kf6 {[%emt 0:00:03]} 58. Ra5 {[%emt 0:00:21]} Rd6 {[%emt 0:00:24]} 59. Rb5 {[%emt 0:01:16]} Ke6 {[%emt 0:00:11]} 60. Ra5 {[%emt 0:00:47]} Rb6 {[%emt 0:00:47]} 61. Ra7 {[%emt 0:00:27]} Rc6 {[%emt 0:01:27]} 62. Ra5 {[%emt 0:00:40]} f5 {[%emt 0:01:02]} 63. exf5+ {[%emt 0:01:37]} gxf5 {[%emt 0:00:05]} 64. gxf5+ {[%emt 0:00:05]} Kxf5 {[%emt 0:00:06]} 65. Ra4 {[%emt 0:01:07]} Rc3+ {[%emt 0:00:50]} 66. Kf2 {[%emt 0:01:31]} Rd3 {[%emt 0:00:46]} 67. Rb4 {[%emt 0:00:59]} Rd4 {[%emt 0:00:13]} 68. Rb2 {[%emt 0:00:08]} Kf4 {[%emt 0:01:46]} 69. Ra2 {[%emt 0:00:31]} e4 {[%emt 0:03:18]} 70. fxe4 {[%emt 0:00:47]} Rxe4 {[%emt 0:00:04]} 71. Kg2 {[%emt 0:00:26]} Kg4 {[%emt 0:00:07]} 72. Rb2 {[%emt 0:00:39]} Kh4 {[%emt 0:00:32]} 73. Rb3 {[%emt 0:04:35]} Re2+ {[%emt 0:00:10]} 74. Kg1 {[%emt 0:00:07]} g4 {[%emt 0:00:18]} 75. Ra3 {[%emt 0:00:45]} Rb2 {[%emt 0:00:19]} 76. Rc3 {[%emt 0:00:15]} g3 {[%emt 0:00:05]} 77. Rc8 {[%emt 0:00:06]} Kh3 {[%emt 0:00:05]} 1/2-1/2

[Event "EYCC Open-U14 2019"]
[Site "Bratislava"]
[Date "2019.08.05"]
[Round "4.19"]
[White "Schlegel, Igor"]
[Black "Bochnicka, Vladimir"]
[Result "0-1"]
[WhiteElo "1968"]
[BlackElo "2169"]
[Annotator "NA"]
[PlyCount "48"]
[EventDate "2019.08.02"]
[EventType "swiss"]
[EventCountry "SVK"]
[SourceTitle "playchess.com"]
[Source "ChessBase"]
[SourceQuality "1"]
[TimeControl "40/5400+30:1800+30"]

1. e4 {[%emt 0:00:00]} c5 {[%emt 0:00:00]} 2. Nf3 {[%emt 0:00:00]} Nc6 {[%emt 0:00:00]} 3. d4 {[%emt 0:00:00]} cxd4 {[%emt 0:00:00]} 4. Nxd4 {[%emt 0:00:00]} e5 {[%emt 0:00:00]} 5. Nb5 {[%emt 0:00:00]} d6 {[%emt 0:00:12]} 6. c4 {[%emt 0:00:39]} a6 {[%emt 0:00:37]} 7. N5c3 {[%emt 0:00:09]} f5 {[%emt 0:02:04]} 8. exf5 {[%emt 0:15:12]} Bxf5 {[%emt 0:05:04]} 9. Bd3 {[%emt 0:01:45]} Be6 {[%emt 0:00:20]} 10. Nd2 {[%emt 0:14:05]} Nf6 {[%emt 0:03:45]} 11. O-O {[%emt 0:03:37]} Be7 {[%emt 0:00:14]} 12. b3 {[%emt 0:00:31]} O-O {[%emt 0:00:55]} 13. Nde4 {[%emt 0:00:25]} Qe8 {[%emt 0:12:16]} 14. Ng5 {[%emt 0:08:39]} Bd7 {[%emt 0:16:50]} 15. Nd5 {[%emt 0:01:32]} Bd8 {[%emt 0:09:53]} 16. Nxf6+ {[%emt 0:08:01]} gxf6 {[%emt 0:01:43]} 17. Ne4 {[%emt 0:07:32]} f5 {[%emt 0:12:31]} 18. Nxd6 {[%emt 0:04:02]} Qg6 {[%emt 0:00:42]} 19. Nxb7 {[%emt 0:07:05]} Bf6 {[%emt 0:02:08]} 20. c5 {[%emt 0:04:33]} Nd4 {[%emt 0:05:13]} 21. Bc4+ Kh8 {[%emt 0:00:27]} 22. Bd5 {[%emt 0:10:47]} Bb5 {[%emt 0:05:02]} 23. Nd6 {[%emt 0:05:17]} Be2 {[%emt 0:02:44]} 24. Qd2 {[%emt 0:00:08]} Bf3 {[%emt 0:01:18]} 0-1

[Event "EYCC Open-U14 2019"]
[Site "Bratislava"]
[Date "2019.08.05"]
[Round "4.20"]
[White "Yaniv, Yuval"]
[Black "Revaliente Montoya, Ciro"]
[Result "0-1"]
[WhiteElo "2135"]
[BlackElo "1917"]
[Annotator "NA"]
[PlyCount "76"]
[EventDate "2019.08.02"]
[EventType "swiss"]
[EventCountry "SVK"]
[SourceTitle "playchess.com"]
[Source "ChessBase"]
[SourceQuality "1"]
[TimeControl "40/5400+30:1800+30"]

1. e4 {[%emt 0:00:00]} c5 {[%emt 0:00:00]} 2. Nf3 {[%emt 0:00:00]} d6 {[%emt 0:00:00]} 3. d4 {[%emt 0:00:00]} Nf6 {[%emt 0:00:00]} 4. Nc3 {[%emt 0:00:00]} cxd4 {[%emt 0:00:01]} 5. Nxd4 {[%emt 0:00:04]} a6 {[%emt 0:00:04]} 6. Bg5 {[%emt 0:00:11]} Nbd7 {[%emt 0:00:13]} 7. Bc4 {[%emt 0:00:13]} Qb6 {[%emt 0:00:49]} 8. Bb3 {[%emt 0:00:15]} e6 {[%emt 0:00:51]} 9. Qd2 {[%emt 0:00:18]} Be7 {[%emt 0:01:24]} 10. O-O-O {[%emt 0:00:15]} O-O {[%emt 0:00:22]} 11. g4 {[%emt 0:05:05]} Nc5 {[%emt 0:04:10]} 12. f3 {[%emt 0:00:11]} Qc7 {[%emt 0:01:15]} 13. a3 {[%emt 0:02:10]} b5 {[%emt 0:00:54]} 14. Ba2 {[%emt 0:00:17]} Bd7 {[%emt 0:02:53]} 15. b4 {[%emt 0:03:06]} Nb7 {[%emt 0:05:22]} 16. Kb2 {[%emt 0:04:25]} Rfc8 {[%emt 0:10:45]} 17. Be3 {[%emt 0:06:24]} Be8 {[%emt 0:04:34]} 18. g5 {[%emt 0:29:23]} Nd7 {[%emt 0:02:53]} 19. f4 {[%emt 0:06:53]} Nb6 {[%emt 0:05:13]} 20. Nxe6 {[%emt 0:00:53]} Qxc3+ {[%emt 0:02:23]} 21. Kb1 {[%emt 0:04:31]} Na4 {[%emt 0:02:28]} 22. Bd4 {[%emt 0:00:08]} Qxd2 {[%emt 0:00:42]} 23. Rxd2 {[%emt 0:00:02]} fxe6 {[%emt 0:00:08]} 24. Bxe6+ {[%emt 0:00:05]} Bf7 {[%emt 0:00:05]} 25. Bxc8 {[%emt 0:00:05]} Rxc8 {[%emt 0:00:00]} 26. Re1 {[%emt 0:03:58]} a5 {[%emt 0:01:38]} 27. f5 {[%emt 0:02:43]} axb4 {[%emt 0:02:42]} 28. e5 {[%emt 0:01:39]} dxe5 {[%emt 0:01:20]} 29. Bxe5 {[%emt 0:01:23]} bxa3 {[%emt 0:02:31]} 30. g6 {[%emt 0:01:22]} hxg6 {[%emt 0:02:06]} 31. fxg6 {[%emt 0:00:11]} Be6 {[%emt 0:01:34]} 32. Bxg7 {[%emt 0:00:47]} a2+ {[%emt 0:00:53]} 33. Ka1 {[%emt 0:00:14]} Kxg7 {[%emt 0:00:02]} 34. Rxe6 {[%emt 0:00:08]} Bf6+ {[%emt 0:00:04]} 35. Kxa2 {[%emt 0:00:05]} Nc3+ {[%emt 0:00:03]} 36. Kb2 {[%emt 0:01:47]} Ne4+ {[%emt 0:01:16]} 37. Rxf6 {[%emt 0:00:10]} Kxf6 {[%emt 0:00:15]} 38. Rd5 {[%emt 0:01:14]} Nbd6 {[%emt 0:00:06]} 0-1

[Event "EYCC Open-U14 2019"]
[Site "Bratislava"]
[Date "2019.08.06"]
[Round "5.1"]
[White "Kostolansky, Sebastian Lukas"]
[Black "Razafindratsima, Timothe"]
[Result "1-0"]
[WhiteElo "2406"]
[BlackElo "2178"]
[Annotator "NA"]
[PlyCount "79"]
[EventDate "2019.08.02"]
[EventType "swiss"]
[EventCountry "SVK"]
[SourceTitle "playchess.com"]
[Source "ChessBase"]
[SourceQuality "1"]
[TimeControl "40/5400+30:1800+30"]

1. e4 {[%emt 0:00:00]} c5 {[%emt 0:00:00]} 2. Nc3 {[%emt 0:04:30]} d6 {[%emt 0:00:00]} 3. d4 {[%emt 0:01:10]} cxd4 {[%emt 0:00:13]} 4. Qxd4 {[%emt 0:00:05]} Nc6 {[%emt 0:00:11]} 5. Qd2 {[%emt 0:00:05]} g6 {[%emt 0:03:07]} 6. b3 {[%emt 0:00:07]} Bg7 {[%emt 0:00:04]} 7. Bb2 {[%emt 0:00:06]} Nf6 {[%emt 0:00:04]} 8. O-O-O {[%emt 0:00:14]} O-O {[%emt 0:02:06]} 9. f3 {[%emt 0:01:31]} Be6 {[%emt 0:00:58]} 10. Kb1 {[%emt 0:06:25]} a5 {[%emt 0:02:38]} 11. Nge2 {[%emt 0:11:57]} a4 {[%emt 0:02:34]} 12. Nxa4 {[%emt 0:03:48]} b5 {[%emt 0:01:04]} 13. Nac3 {[%emt 0:00:20]} b4 {[%emt 0:01:15]} 14. Na4 {[%emt 0:04:46]} Rxa4 {[%emt 0:04:51]} 15. bxa4 {[%emt 0:00:10]} Qa5 {[%emt 0:00:08]} 16. c4 {[%emt 0:10:15]} Qxa4 {[%emt 0:03:51]} 17. Nc1 {[%emt 0:07:29]} Nd7 {[%emt 0:05:20]} 18. Bxg7 {[%emt 0:01:40]} Kxg7 {[%emt 0:00:20]} 19. h4 {[%emt 0:05:06]} h6 {[%emt 0:02:12]} 20. Nb3 {[%emt 0:03:58]} Nc5 {[%emt 0:03:10]} 21. Rc1 {[%emt 0:07:01]} Ra8 {[%emt 0:01:47]} 22. Qb2+ {[%emt 0:01:37]} f6 {[%emt 0:00:11]} 23. g4 {[%emt 0:02:27]} Qa7 {[%emt 0:03:16]} 24. Nxc5 {[%emt 0:06:47]} Qxc5 {[%emt 0:04:55]} 25. g5 {[%emt 0:00:56]} h5 {[%emt 0:00:50]} 26. gxf6+ {[%emt 0:02:34]} exf6 {[%emt 0:00:10]} 27. Be2 {[%emt 0:05:36]} Ra3 {[%emt 0:07:01]} 28. Rhd1 {[%emt 0:02:56]} Re3 {[%emt 0:22:30]} 29. Rd5 {[%emt 0:01:34]} Qb6 {[%emt 0:01:49]} 30. Rxd6 {[%emt 0:00:56]} b3 31. a3 {[%emt 0:00:32]} Kf7 {[%emt 0:01:10]} 32. c5 {[%emt 0:02:22]} Qb7 {[%emt 0:02:09]} 33. Bc4 {[%emt 0:01:10]} Bxc4 {[%emt 0:08:01]} 34. Qxf6+ {[%emt 0:00:46]} Kg8 {[%emt 0:01:02]} 35. Qxg6+ {[%emt 0:00:25]} Qg7 {[%emt 0:00:12]} 36. Rxc4 {[%emt 0:01:18]} Rxf3 {[%emt 0:02:46]} 37. Qxg7+ {[%emt 0:00:12]} Kxg7 {[%emt 0:00:07]} 38. Rxc6 {[%emt 0:00:06]} Rf4 {[%emt 0:00:11]} 39. Rb6 {[%emt 0:00:18]} Rxh4 {[%emt 0:00:06]} 40. c6 {[%emt 0:00:00]} 1-0

[Event "EYCC Open-U14 2019"]
[Site "Bratislava"]
[Date "2019.08.06"]
[Round "5.2"]
[White "Tsvetkov, Andrey"]
[Black "Sahakyan, Aleks"]
[Result "1-0"]
[WhiteElo "2324"]
[BlackElo "1856"]
[Annotator "NA"]
[PlyCount "61"]
[EventDate "2019.08.02"]
[EventType "swiss"]
[EventCountry "SVK"]
[SourceTitle "playchess.com"]
[Source "ChessBase"]
[SourceQuality "1"]
[TimeControl "40/5400+30:1800+30"]

1. d4 {[%emt 0:00:00]} Nf6 {[%emt 0:00:00]} 2. c4 {[%emt 0:00:00]} e6 {[%emt 0:00:00]} 3. Nc3 {[%emt 0:00:00]} Bb4 {[%emt 0:00:00]} 4. f3 {[%emt 0:00:00]} c5 {[%emt 0:00:16]} 5. d5 {[%emt 0:00:00]} O-O {[%emt 0:00:08]} 6. e4 {[%emt 0:00:00]} d6 {[%emt 0:00:22]} 7. Nge2 {[%emt 0:00:42]} b5 {[%emt 0:00:58]} 8. Nf4 {[%emt 0:00:06]} exd5 {[%emt 0:01:08]} 9. cxd5 {[%emt 0:03:22]} a6 {[%emt 0:00:07]} 10. Be2 {[%emt 0:02:08]} Nbd7 {[%emt 0:00:27]} 11. O-O {[%emt 0:01:00]} c4 {[%emt 0:01:17]} 12. Kh1 {[%emt 0:00:22]} Bc5 {[%emt 0:01:47]} 13. b3 {[%emt 0:00:17]} Qa5 {[%emt 0:04:41]} 14. Bd2 {[%emt 0:12:27]} Bd4 {[%emt 0:04:12]} 15. a3 {[%emt 0:04:54]} Bxc3 {[%emt 0:04:42]} 16. b4 {[%emt 0:00:02]} Bxb4 {[%emt 0:06:56]} 17. axb4 {[%emt 0:00:44]} Qc7 {[%emt 0:00:33]} 18. Bc3 {[%emt 0:03:04]} Ne5 {[%emt 0:02:05]} 19. Qd2 {[%emt 0:03:18]} Qe7 {[%emt 0:01:57]} 20. Bd1 {[%emt 0:07:54]} Nfd7 {[%emt 0:01:40]} 21. Nh5 {[%emt 0:04:53]} g6 {[%emt 0:11:10]} 22. Ng3 {[%emt 0:01:48]} h5 {[%emt 0:04:58]} 23. f4 {[%emt 0:15:12]} Nd3 {[%emt 0:01:10]} 24. f5 {[%emt 0:01:21]} Qh4 {[%emt 0:19:19]} 25. Qh6 {[%emt 0:11:04]} N3e5 {[%emt 0:01:28]} 26. Bxe5 {[%emt 0:00:30]} dxe5 {[%emt 0:00:21]} 27. fxg6 {[%emt 0:00:15]} fxg6 {[%emt 0:00:21]} 28. Qxg6+ {[%emt 0:00:02]} Kh8 {[%emt 0:00:01]} 29. Qh6+ {[%emt 0:00:34]} Kg8 {[%emt 0:00:01]} 30. Bxh5 {[%emt 0:00:11]} Nf6 {[%emt 0:00:38]} 31. Bf7+ {[%emt 0:00:05]} 1-0

[Event "EYCC Open-U14 2019"]
[Site "Bratislava"]
[Date "2019.08.06"]
[Round "5.3"]
[White "Makoveev, Ilya"]
[Black "Krastev, Alexander"]
[Result "1/2-1/2"]
[WhiteElo "2288"]
[BlackElo "2325"]
[Annotator "NA"]
[PlyCount "42"]
[EventDate "2019.08.02"]
[EventType "swiss"]
[EventCountry "SVK"]
[SourceTitle "playchess.com"]
[Source "ChessBase"]
[SourceQuality "1"]
[TimeControl "40/5400+30:1800+30"]

1. e4 {[%emt 0:00:00]} e5 {[%emt 0:00:00]} 2. Nf3 {[%emt 0:00:00]} Nc6 {[%emt 0:00:00]} 3. Bc4 {[%emt 0:00:30]} Nf6 {[%emt 0:00:00]} 4. d3 {[%emt 0:00:10]} Be7 {[%emt 0:00:09]} 5. O-O {[%emt 0:01:24]} O-O {[%emt 0:00:10]} 6. a4 {[%emt 0:05:11]} d6 {[%emt 0:14:36]} 7. c3 {[%emt 0:01:11]} h6 {[%emt 0:01:30]} 8. Re1 {[%emt 0:02:36]} Nh7 {[%emt 0:00:05]} 9. h3 {[%emt 0:05:53]} Ng5 {[%emt 0:01:21]} 10. Nbd2 {[%emt 0:20:55]} Be6 {[%emt 0:27:23]} 11. a5 {[%emt 0:13:16]} Nxf3+ {[%emt 0:05:38]} 12. Qxf3 {[%emt 0:05:08]} a6 {[%emt 0:06:57]} 13. Nf1 {[%emt 0:09:16]} Bg5 {[%emt 0:06:08]} 14. b4 {[%emt 0:02:27]} Bxc1 {[%emt 0:06:16]} 15. Raxc1 {[%emt 0:00:13]} Ne7 {[%emt 0:03:44]} 16. Ne3 {[%emt 0:01:07]} Qd7 {[%emt 0:02:16]} 17. Red1 {[%emt 0:10:39]} Bxc4 {[%emt 0:06:20]} 18. dxc4 {[%emt 0:06:24]} Qc6 {[%emt 0:00:13]} 19. Qg4 {[%emt 0:02:30]} h5 {[%emt 0:09:01]} 20. Qg5 {[%emt 0:07:57]} f6 {[%emt 0:05:52]} 21. Qh4 {[%emt 0:00:22]} g5 {[%emt 0:01:27]} 1/2-1/2

[Event "EYCC Open-U14 2019"]
[Site "Bratislava"]
[Date "2019.08.06"]
[Round "5.4"]
[White "Kirillov, Dmitry"]
[Black "Stukan, Martin"]
[Result "0-1"]
[WhiteElo "2244"]
[BlackElo "2303"]
[Annotator "NA"]
[PlyCount "68"]
[EventDate "2019.08.02"]
[EventType "swiss"]
[EventCountry "SVK"]
[SourceTitle "playchess.com"]
[Source "ChessBase"]
[SourceQuality "1"]
[TimeControl "40/5400+30:1800+30"]

1. e4 {[%emt 0:00:00]} c5 {[%emt 0:00:00]} 2. Nf3 {[%emt 0:00:00]} d6 {[%emt 0:00:00]} 3. Bb5+ {[%emt 0:00:00]} Nd7 {[%emt 0:00:00]} 4. d4 {[%emt 0:00:00]} cxd4 {[%emt 0:00:00]} 5. Qxd4 {[%emt 0:00:00]} a6 {[%emt 0:00:00]} 6. Bxd7+ {[%emt 0:00:22]} Bxd7 {[%emt 0:00:00]} 7. Nc3 {[%emt 0:00:17]} e5 {[%emt 0:02:50]} 8. Qd3 {[%emt 0:00:05]} Rc8 {[%emt 0:03:08]} 9. O-O {[%emt 0:00:09]} h6 {[%emt 0:00:46]} 10. a4 {[%emt 0:00:23]} Nf6 {[%emt 0:00:32]} 11. h3 {[%emt 0:00:05]} Be7 {[%emt 0:01:03]} 12. Rd1 {[%emt 0:00:08]} Be6 {[%emt 0:02:09]} 13. Nh2 {[%emt 0:07:39]} O-O {[%emt 0:07:19]} 14. Nf1 {[%emt 0:00:14]} Qa5 {[%emt 0:04:52]} 15. Bd2 {[%emt 0:16:42]} Qc5 {[%emt 0:13:03]} 16. Ne3 {[%emt 0:05:51]} Rfd8 {[%emt 0:17:04]} 17. Be1 {[%emt 0:00:50]} Rd7 {[%emt 0:00:39]} 18. b3 {[%emt 0:11:13]} Bd8 {[%emt 0:04:18]} 19. Ncd5 {[%emt 0:22:12]} Bxd5 {[%emt 0:02:13]} 20. exd5 {[%emt 0:00:10]} Bb6 {[%emt 0:03:03]} 21. a5 {[%emt 0:01:01]} Ba7 {[%emt 0:01:29]} 22. Ra4 {[%emt 0:02:01]} Qc7 {[%emt 0:01:29]} 23. Rc4 {[%emt 0:03:19]} Qd8 {[%emt 0:00:14]} 24. Rxc8 {[%emt 0:01:11]} Qxc8 {[%emt 0:00:03]} 25. Nf5 {[%emt 0:01:14]} h5 {[%emt 0:13:17]} 26. Qg3 {[%emt 0:02:25]} g6 {[%emt 0:00:35]} 27. Qg5 {[%emt 0:07:00]} Ne4 {[%emt 0:07:38]} 28. Ne7+ {[%emt 0:03:45]} Rxe7 {[%emt 0:00:05]} 29. Qxe7 {[%emt 0:00:03]} Qxc2 {[%emt 0:00:07]} 30. Ra1 {[%emt 0:00:04]} Bd4 {[%emt 0:00:54]} 31. Qxb7 {[%emt 0:08:17]} Bxa1 {[%emt 0:00:27]} 32. Qxa6 {[%emt 0:00:06]} Qxb3 {[%emt 0:00:56]} 33. Qc8+ {[%emt 0:00:08]} Kg7 {[%emt 0:00:08]} 34. a6 {[%emt 0:00:29]} Bd4 {[%emt 0:00:09]} 0-1